Boundary Problems Web Site (Record no. 119534)
[ view plain ]
| 000 -LEADER | |
|---|---|
| fixed length control field | 00875cam a2200229 4500 |
| 001 - CONTROL NUMBER | |
| control field | WS107403 |
| 008 - FIXED-LENGTH DATA ELEMENTS--GENERAL INFORMATION | |
| fixed length control field | 000000n 000 0 eng u |
| 035 ## - SYSTEM CONTROL NUMBER | |
| System control number | (Sirsi) u107403 |
| 245 ## - TITLE STATEMENT | |
| Title | Boundary Problems Web Site |
| 520 ## - SUMMARY, ETC. | |
| Summary, etc. | Compiled by Jon Maynard FRICS, this site aims to provide information to anyone who has a problem with their property boundary. It includes details of frequently encountered problems, how to avoid disputes and who to turn to for advice. |
| 650 ## - SUBJECT ADDED ENTRY--TOPICAL TERM | |
| Topical term or geographic name entry element | Boundary disputes |
| 9 (RLIN) | 6221 |
| 650 ## - SUBJECT ADDED ENTRY--TOPICAL TERM | |
| Topical term or geographic name entry element | RIGHTS OF WAY |
| 650 0# - SUBJECT ADDED ENTRY--TOPICAL TERM | |
| Topical term or geographic name entry element | NEIGHBOUR NUISANCE |
| 650 ## - SUBJECT ADDED ENTRY--TOPICAL TERM | |
| Topical term or geographic name entry element | TREES |
| 650 ## - SUBJECT ADDED ENTRY--TOPICAL TERM | |
| Topical term or geographic name entry element | NOISY NEIGHBOURS |
| 650 ## - SUBJECT ADDED ENTRY--TOPICAL TERM | |
| Topical term or geographic name entry element | PLANNING PERMISSION |
| 650 ## - SUBJECT ADDED ENTRY--TOPICAL TERM | |
| Topical term or geographic name entry element | NUISANCE |
| 650 ## - SUBJECT ADDED ENTRY--TOPICAL TERM | |
| Topical term or geographic name entry element | FENCES |
| 690 ## - LOCAL SUBJECT ADDED ENTRY--TOPICAL TERM (OCLC, RLIN) | |
| Topical term or geographic name as entry element | Boundary disputes |
| 9 (RLIN) | 6221 |
| 856 40 - ELECTRONIC LOCATION AND ACCESS | |
| Uniform Resource Identifier | <a href="https://www.boundary-problems.co.uk">https://www.boundary-problems.co.uk</a> |
| Public note | View the website free of charge at www.boundary-problems.co.uk... |
| 942 ## - ADDED ENTRY ELEMENTS (KOHA) | |
| Suppress in OPAC | 0 |
| Withdrawn status | Lost status | Source of classification or shelving scheme | Damaged status | Not for loan | Home library | Current library | Shelving location | Date acquired | Total Checkouts | Full call number | Barcode | Date last seen | Copy number | Price effective from | Koha item type |
|---|---|---|---|---|---|---|---|---|---|---|---|---|---|---|---|
| Dewey Decimal Classification | Virtual | Virtual | Online | 31/07/2000 | WEB SITE | 107403-2001 | 06/08/2019 | 1 | 06/08/2019 | Online material |